000 01279cam a2200313 a 4500
999 _c331609
_d331609
001 4474469
003 NUST
005 20171005125410.0
008 960814s1997 nyuab b 000 0 eng
010 _a 96077933
020 _a0070276862
040 _aDLC
_cDLC
_dDLC
050 0 0 _aGE105
_b.H43 1997
082 0 0 _a628 HEA
_221
100 1 _aHeathcote, Isobel W.
_95281
245 1 0 _aEnvironmental problem-solving :
_ba case study approach /
_cIsobel W. Heathcote ; [the editors were Karen J. Allanson and John M. Morriss].
260 _aNew York :
_bMcGraw-Hill,
_cc1997.
300 _a199 p. :
_bill., maps ;
_c28 cm.
500 _aP.B
504 _aIncludes bibliographical references and index.
650 0 _aEnvironmental sciences
_xDecision making
_xCase studies.
_95282
650 0 _aProblem solving
_xCase studies.
_95283
700 1 _aAllanson, Karen J.
_95284
700 1 _aMorriss, John M.
_95285
856 4 2 _3Publisher description
_uhttp://www.loc.gov/catdir/description/mh022/96077933.html
856 4 1 _3Table of contents
_uhttp://www.loc.gov/catdir/toc/mh022/96077933.html
906 _a7
_bcbc
_corignew
_d2
_eopcn
_f19
_gy-gencatlg
942 _2ddc
_cBK
_kIESE